| 000 | 007800000a22001570004500 | ||
|---|---|---|---|
| 090 | _aAV 0439 | ||
| 001 | 17886 | ||
| 020 | _a958-21-0118-0 | ||
| 100 | 1 | _aTamayo Chagres, Emilio | |
| 245 | 1 | 0 | _aWai cua suurigue macane apeye queti = La trampa de la pesca y otros cuentos / Emilio Tamayo Ch. |
| 260 | _aBogotá : Alberto Lleras Camargo | ||
| 300 | _a28 p. | ||
| 505 | 0 | 0 | _aWai cua suurigue macañe = La trampa de la pesca -- Pecasu puará peoráye queti = El blanco y los dos jupdas -- Juan dadegúye queti = Juan el perezoso -- Sico wimo pinore ecaré queti = El güío domesticado -- sico basocó wapewioye queti = La viuda |
| 650 | 1 | 4 | _aCUENTOS - INDIGENAS \ CUENTOS - INDIGENAS - TUYUCA \ LENGUAJE Y LENGUAS - INDIGENAS DE COLOMBIA \ LENGUAJE Y LENGUAS - TUYUCA |
| 942 | _cBK | ||
| 999 |
_c44381 _d44381 |
||